000 00546nam a2200193 i 4500
001 bg
003 BPK
005 20221117105742.0
008 940505s1986 pl f |000 0 pol
040 _cBPK
041 _apol
080 _a005.31
100 1 _aKisielnicki, Jerzy
_d(1939- )
_eAutor
245 1 0 _aMetody systemowe /
_cJerzy Kisielnicki.
260 _aWarszawa,
_c1986.
650 4 _aAnaliza systemowa
942 _cKS
_2UKD
856 _uhttp://koha.tu.koszalin.pl/cgi-bin/koha/opac-detail.pl?biblionumber=3049
_yKatalog online BPK
999 _c3049
_d3049